Quizzes
Events
Quiz Creation
Community
Videos
Private Events
Remove Ads
Sign In
Join for FREE
Feedback
Dark Mode
Quiz Categories
Sports
Geography
Music
Movies
Television
Just For Fun
Miscellaneous
History
Literature
Language
Science
Gaming
Entertainment
Religion
Holiday
For Kids
Quiz Lab
Recent
Popular Today
Quiz Kudos Today
Editor Picks
Curator Picks
Quizzes by...
Day
Popularity
Type
Ratings
Length
Year
Community
Subscriptions
Recent Discussions
Orange Saloon
Badges
Playlists
Quests
Create
Leaderboards
Showdown
Live 5
Trivia Bingo
Activity
Puzzle Library
Sporcle Events
Private Events
Virtual Trivia
Globe League
Become a Host
Pub Owners
SporcleCon
Opinionation
Our Games
Videos
Blog
Mobile Apps
Partnerships
Remove Ads and Go Orange
Feedback
Television
TV Characters
TV Show
Sitcom
Network
Friends
Reality Shows
Cast
South Park
Star Trek
The Simpsons
Doctor Who
Television
TV Characters
TV Show
Sitcom
Network
Friends
Reality Shows
Cast
South Park
Star Trek
The Simpsons
Doctor Who
Random Quiz
Search Sporcle
×
Quiz Lab
Quiz Lab
Television
prime
Type in answers that appear in a list
Type in answers that appear in a list
Classic
Best Score? Go Orange.
Transformers Prime characters Stats
Can you name the Transformers Prime characters ?
By
HOLYCOW4
20m
23 Questions
3,521 Plays
3,521 Plays
3,521 Plays
Comments
Comments
Give Quiz Kudos
Give Quiz Kudos
-
- Ratings
hide this ad
Replay
Link that replays current quiz
Next Quiz
Link to next quiz in quiz playlist
You Got
0%
They Got
Avg Score
83%
Avg Friend Score
Upgrade to see
Score Distribution
Jump to the score distribution portion of the page
Score
0/23
Timer
20:00
1
Play Today
the hints
the transformers
% Correct
autobot leader
optimus prime
98.1%
medical transformer
ratchet
95.8%
scout transformer
bumblebee
95.6%
female transformer
arcee
95.4%
large clumsy transformer
bulkhead
94.5%
decepticon leader
megatron
93.7%
second in command who wants to lead
starscream
92.6%
silent transformer
soundwave
90.5%
transformer who wanders space
wheeljack
88.7%
zombiefied transformers
cliffjumper
88.3%
transformer who cares about his paint
knock out
86.3%
tall boy
jack
84.8%
the hints
the transformers
% Correct
girl
miko
82.8%
one eyed transformer who often says 'hammer time.'
breakdown
81.9%
short smart boy
raf
78.8%
the creator of the first 11 primes and the core of cybertron
primus
75.9%
transformer who died and was only seen on the tv show in a flashback
tailgate
75.8%
good agent
fowler
75.5%
large evil monster transformer
unicron
73.4%
large green zombified transformer
skyquake
69.8%
vermins that eat metal
scraplets
68.4%
female spider transformer
airachnid
68.2%
transformer who morphs into another transformer
makeshift
59.6%
Quiz Playlist
Details
Report
Send in Message
Add To Playlist
Classic:
Type in answers that appear in a list
Last Updated: Sep 24, 2018
Quiz Scoreboard
CHALLENGE
Sign Up to Join the Scoreboard
Show All
Scores
Hide
Comments
May contain spoilers
Recently Published
Presidents Visiting Landmarks
by Hejman
History
7m
An Introduction to Baseball
by treessimontrees
Sports
5m
Movies - When Are They Set?
by FPL_Elf
Movies
5m
More to Explore
Quiz From the Vault
Featured Blog Post
Where Did the Easter Bunny Come From?
hide this ad
You Might Also Like...
Tags
Character
prime
Transformer
Today's Top Quizzes in Television
Browse Television
hide this ad
Today's Top Quizzes in prime
Browse prime
Top Contributed Quizzes in Television
1
5-to-1: The Simpsons Families
2
One Piece Logic Puzzle
3
5-to-1: Television Doctors
4
7-to-1: TV Show Settings
5
5-to-1: Streaming Originals
6
Survivor Logic Puzzle: Heroes vs. Villains
7
Survivor Seasons
8
Survivor Season by Logo
9
One Thing in Common: Television
10
Survivor Trivia
Explore More
Trending Topics
Marvel
Harry Potter
Anime
Disney
Crossword
NBA
Kpop
WWE
Pokémon
NFL
Song
The Office
Soccer
Country
Puzzle
hide this ad
More By:
HOLYCOW4
Quiz
Plays
Rating
Category
Featured
Created
Transformers Prime characters
3,520
3.80
Television
Mar 28, 2012
THE WARRIORS QUIZ
161
1.00
Just For Fun
Mar 30, 2012
m*a*s*h character quiz
44
1.00
Television
Mar 30, 2012
Go to Creator's Profile
Score Distribution
Quiz Creator Spotlight
HOLYCOW4
Follow
Send a Message
Quizzes Created
-
Created Quiz Play Count
-
More By This Creator
Popular Quizzes Today
1
Find the US States - No Outlines Minefield
2
Find the Countries of Europe - No Outlines Minefield
3
The Countries of the World
4
Find the US States
5
Popular People in 1961
6
US States
7
Risky Map Clicking: Biggest States A-Z
8
1-10 Letter E Words III
More Television Quizzes
'Home Movies' Characters: Picture Click
Quiz Lab
Trending Quizzes
Risky Map Clicking: Least Populous States A-Z
1-10 Letter G Words
1-10 Letter F Words
Risky Map Clicking: Next State Alphabetically
Risky Map Clicking: Biggest States A-Z
Recently Updated
Leaping Animals
pecheneg
Reality TV Shows (A-Z)
bhenderson79
Rickey Henderson's Hall of Fame Teammates
pecheneg
Champions League XIs: Arsenal
pecheneg
Quick Pick: Celebrities in WWE's Hall of Fame
aduchscher
A-Z Keypad Blitz II
pecheneg
Multiple Oscar Actors
pecheneg
Mystery Phrase Blitz: Oscar 'Best Actors'
pecheneg
F. Scott Fitzgerald Novels
LTH
Pick 3 Villains
ddd62291
Trending Topics
Marvel
Disney
Harry Potter
Anime
Kpop
Crossword
NBA
Song
Pokémon
Soccer
WWE
The Office
Puzzle
Country
NFL
Your Account Isn't Verified!
In order to create a playlist on Sporcle, you need to verify the email address you used during registration. Go to your
Sporcle Settings
to finish the process.
Report this User
Report this user for behavior that violates our
Community Guidelines
.
Details:
Send Report
Go to the Sporcle.com Mobile Site →
Comments